| 000 | 00488nam a2200181 a 4500 | ||
|---|---|---|---|
| 005 | 20230921063655.0 | ||
| 008 | 991125s1975 cl 000 0 spa u | ||
| 035 | _aUPN01000000030 | ||
| 049 | _aCG | ||
| 050 | 4 |
_aPQ8172 _bC45 |
|
| 245 | 0 | 0 |
_a5 Cuentos colombianos / _cJesús del Corral ... [et al.]. |
| 260 |
_aBogotá : _bDidáctica, _c1975. |
||
| 300 | _a79 p. | ||
| 500 | _aFotocopia | ||
| 650 | 4 |
_aLiteratura colombiana _912879 |
|
| 700 | 1 |
_aCorral, Jesús del, _ecoaut. |
|
| 905 | _aLibro | ||
| 999 |
_c30 _d30 |
||